000 00477nam a2200193Ia 4500
005 20230714120056.0
008 131103s9999 xx 000 0 und d
040 _aLoreto College
041 _aEnglish
082 _aF
_bALI
100 _aAli,Mohammad
245 4 _aThe Greatest
_cMohammad Ali with Richard Durham
260 _aHerts
_bMayflower
_c1976
300 _a510 p.
650 _aFiction in English
700 _aDurham,Richard
850 _aLCLIB
942 _cBK
999 _c16127
_d66606